000 00437nab a2200145Ia 4500
003 ES-SlBCS
005 20210601131732.0
008 140529s1952 xxu||||| |||| 00| 0 fre d
041 _afre
100 1 _aLadrière, Jean
_98736
245 0 0 _aObjection de conscience en France
_c Jean Ladrière
650 0 4 _aObjeción de Conciencia-Francia
_9188428
773 0 _tVie Intelectuelle (La)
_gnº. 5, 1952, págs. 105-107
_wRev907
942 _cAR
999 _c567902
_d567902